00419nam a2200181Ia 4500008004100000020001800041050001400059100001900073245002600092245001900118260001500137260001600152260000900168300001500177300002700192300001000219500000800229170918s9999 xx 000 0 und d a9780439698962 bE925 2000 aEvans, Douglas 4aThe elevator family / cDouglas Evans. aNew York : bScholastic, c2000 a87 pages : bcolored illustration ; c19cm. a520